Математические методы в библиотечной работе: учебно-методическое пособие

Bibliografische gegevens
Hoofdauteur: Елизаров А. М. Александр Михайлович
Andere auteurs: Хохлов Ю. Е. Юрий Евгеньевич
Samenvatting:Исключено из фонда НТБ ТПУ
Taal:Russisch
Gepubliceerd in: Казань, Изд-во Казанского ун-та, 1987
Formaat: Boek
KOHA link:https://koha.lib.tpu.ru/cgi-bin/koha/opac-detail.pl?biblionumber=261080

MARC

LEADER 00000nam0a2200000 4500
001 261080
005 20231031221442.0
035 |a (RuTPU)RU\TPU\book\284053 
090 |a 261080 
100 |a 20140521d1987 m y0rusy50 ca 
101 0 |a rus 
102 |a RU 
105 |a a j 001zy 
200 1 |a Математические методы в библиотечной работе  |e учебно-методическое пособие  |f А. М. Елизаров, Ю. Е. Хохлов 
210 |a Казань  |c Изд-во Казанского ун-та  |d 1987 
215 |a 212 с.  |c ил. 
320 |a Библиогр.: с. 267. 
333 |a Исключено из фонда НТБ ТПУ 
700 1 |a Елизаров  |b А. М.  |g Александр Михайлович 
701 1 |a Хохлов  |b Ю. Е.  |g Юрий Евгеньевич 
801 1 |a RU  |b 63413507  |c 20140521 
801 2 |a RU  |b 63413507  |c 20161201  |g RCR 
942 |c BK